Statistiche per Serie A-B-C 2022-23

Clicka qui per fare il quiz!

Statistiche generali

  • Questo quiz è stato fatto 835 volte
  • Il punteggio medio è 62 su 100

Statistiche sulle risposte

% Corretto
Inter
98%
Juventus
98%
Milan
97%
Napoli
97%
Atalanta
96%
Lazio
96%
Roma
96%
Bologna
95%
Fiorentina
95%
Hellas Verona
95%
Sampdoria
95%
Torino
94%
Udinese
94%
Genoa
93%
Lecce
93%
Monza
92%
Salernitana
92%
Bari
91%
Cagliari
91%
Cremonese
91%
Empoli
91%
Sassuolo
91%
Palermo
90%
Spezia
89%
Venezia
86%
Frosinone
84%
Brescia
82%
Parma
82%
Benevento
81%
Reggina
79%
Como
78%
Modena
77%
Pisa
77%
Virtus Verona
77%
Ascoli
76%
Spal
76%
Sudtirol
76%
Catanzaro
75%
Crotone
75%
Perugia
75%
Cosenza
74%
Ternana
73%
Reggiana
71%
Foggia
68%
Pescara
68%
Vicenza
68%
Avellino
66%
Lecco
66%
Messina
66%
Alessandria
64%
Pordenone
63%
Pro Vercelli
63%
Cesena
62%
Ancona
61%
Triestina
61%
Novara
60%
Padova
60%
Cittadella
58%
Mantova
57%
Piacenza
57%
Rimini
57%
Juventus U23
54%
Latina
53%
Taranto
53%
Siena
52%
Trento
51%
Juve Stabia
50%
Potenza
50%
Virtus Entella
49%
Albinoleffe
47%
Feralpisalò
47%
Pro Patria
46%
Olbia
46%
Lucchese
44%
Pro Sesto
42%
Vis Pesaro
41%
Carrarese
39%
Fidelis Andria
39%
Viterbese
39%
Gubbio
35%
Monopoli
34%
Turris
33%
Torres
32%
Renate
31%
Fermana
29%
Giugliano
27%
Imolese
27%
Audace Cerignola
26%
AZ Picerno
26%
Pergolettese
26%
Pontedera
26%
Fiorenzuola
25%
Virtus Francavilla
25%
Sangiuliano
24%
Gelbison
23%
Aquila Montevarchi
22%
Monterosi
22%
Recanatese
22%
Arzignano Valchiampo
17%
San Donato Tavernelle
13%

Distribuzione punteggi

Percentile per numero di risposta

Percentuale di utenti per punteggio

I tuoi punteggi nel tempo

Non hai fatto questo quiz